Language Quiz

Random Language Quiz
Score 0/18 Timer 06:00
0 Plays Today
Dansih English % Correct
DanmarkDenmark
100%
HollandNetherlands
95.2%
AustralienAustralia
94.7%
LibyenLibya
92.3%
SchweizSwitzerland
91.3%
SverigeSweden
91.3%
SyrienSyria
91.3%
SydafrikaSouth africa
90.4%
KinaChina
88%
Dansih English % Correct
Makedonien/Republikken MakedonienMacedonia
87.5%
Dominikanske RepublikDominican republic
86.5%
Den demokratiske republik CongoDemocratic republic of Congo
85.6%
LibanonLebanon
85.1%
UngarnHungary
83.7%
TysklandGermany
76.9%
HvideruslandBelarus
75%
TjekkietCzech republic
70.7%
ElfenbenskystenCote d'ivoire
63.5%
Come Together.
Have Fun.
All Virtual.
We all need to come together. Play Sporcle's virtual live trivia to have fun, connect with people, and get your trivia on. Join a live hosted trivia game for your favorite pub trivia experience done virtually. If a virtual private party is more your thing, go here for details.

You're not logged in!

Compare scores with friends on all Sporcle quizzes.
OR
Log In

Sporcle TV

Today on Sporcle TV


Watch our educational content, quiz creation guides, and fun videos on Sporcle TV.

Show Comments

Extras

Created Mar 16, 2011ReportNominate
Tags:Contry, danish

Top Quizzes Today


Score Distribution

Paid Content

Your Account Isn't Verified!

In order to create a playlist on Sporcle, you need to verify the email address you used during registration. Go to your Sporcle Settings to finish the process.

Report this User

Report this user for behavior that violates our Community Guidelines.

Details: